| 000 -LEADER |
| fixed length control field |
00689nam a22001817a 4500 |
| 001 - CONTROL NUMBER |
| control field |
6259 |
| 003 - CONTROL NUMBER IDENTIFIER |
| control field |
BD-DhUAP |
| 005 - DATE AND TIME OF LATEST TRANSACTION |
| control field |
20201115151406.0 |
| 008 - FIXED-LENGTH DATA ELEMENTS--GENERAL INFORMATION |
| fixed length control field |
201115s2001 bg |||| |||| 000 0 ben d |
| 040 ## - CATALOGING SOURCE |
| Original cataloging agency |
BD-DhUAP |
| Language of cataloging |
Ben |
| Transcribing agency |
BD-DhUAP |
| Modifying agency |
BD-DhUAP |
| 082 ## - DEWEY DECIMAL CLASSIFICATION NUMBER |
| Edition number |
23 |
| Classification number |
149.97 EUS |
| 100 ## - MAIN ENTRY--PERSONAL NAME |
| Personal name |
ইউসুফী, এজাজ। |
| 245 ## - TITLE STATEMENT |
| Title |
উত্তর আধুনিকতা : |
| Remainder of title |
নতুন অন্বয়ের পরিপ্রেক্ষিতে / |
| Statement of responsibility, etc. |
এজাজ ইউসুফী। |
| 260 ## - PUBLICATION, DISTRIBUTION, ETC. |
| Place of publication, distribution, etc. |
চট্টগ্রাম : |
| Name of publisher, distributor, etc. |
রাশা, |
| Date of publication, distribution, etc. |
২০০১। |
| 300 ## - PHYSICAL DESCRIPTION |
| Extent |
১৫০ পৃষ্ঠা ; |
| Dimensions |
২২ সেমি.। |
| 650 ## - SUBJECT ADDED ENTRY--TOPICAL TERM |
| Topical term or geographic name entry element |
Postmodernism. |
| 942 ## - ADDED ENTRY ELEMENTS (KOHA) |
| Source of classification or shelving scheme |
|
| Koha item type |
Book |